Le joueur le plus cher de tous les temps par pays - CONCACAF - Statistiques

Statistiques générales
  • Ce quiz a été pris 22 fois
  • Le résultat moyen est 5 sur 35
Statistiques - réponses
Pays Valeur Année de la valeur Joueur % Correct
États-Unis 60 000 000 2019 Christian Pulisic
95%
Canada 80 000 000 2020 Alphonso Davies
90%
Costa Rica 20 000 000 2016 Keylor Navas
80%
Jamaïque 45 000 000 2018 Leon Bailey
70%
Mexique 50 000 000 2020 Raul Jimenez
40%
Panama 10 000 000 2025 Amir Murillo
20%
Cuba 4 000 000 2019 Onel Hernandez
20%
Haïti 18 000 000 2024 Jean-Ricner Bellegarde
15%
Îles Vierges Britanniques 25 000 2010 Matthew Bell
15%
Nicaragua 700 000 2023 Ariagner Smith
5%
Sainte Lucie 750 000 2018 Janoi Donacien
5%
Aruba 1 250 000 2013 Joshua John
5%
République Dominicaine 25 000 000 2018 Junior Firpo
5%
Trinité et Tobago 15 000 000 2024 Levi Garcia
5%
Bermudes 5 000 000 2017 Nahki Wells
5%
Honduras 16 000 000 2010 Wilson Palacios
5%
Îles Vierges Américaines 150 000 2018 Aaron Denis
0%
Salvador 4 000 000 2024 Alex Roldan
0%
Îles Turques et Caiques 275 000 2017 Billy Forbes
0%
Guyana 5 000 000 2004 Carl Cort
0%
Antigua et Barbuda 2 500 000 2009 Dexter Blackstock
0%
Îles Caïmans 50 000 2020 Elijah Seymour
0%
Barbade 3 500 000 2010 Emmerson Boyce
0%
Bahamas 75 000 2008 Gavin Christie
0%
Anguilla 75 000 2017 Jan-Willem Tesselaar
0%
Grenade 4 000 000 2007 Jason Roberts
0%
Suriname 18 000 000 2025 Joël Piroe
0%
Montserrat 1 800 000 2020 Lyle Taylor
0%
Saint Vincent et les Grenadines 300 000 2010 Marlon James
0%
Guatemala 3 000 000 2019 Nathaniel Mendez-Laing
0%
Curaçao 15 000 000 2016 Riechedly Bazoer
0%
Saint Christophe et Nieves 4 000 000 2020 Romaine Sawyers
0%
Dominique 250 000 2004 Rosie Pierre Louis
0%
Belize 550 000 2019 Tony Rocha
0%
Porto Rico 750 000 2018 Zarek Valentin
0%
Aucun quiz correspondant
Distribution des résultats
% des personnes avec chaque résultat
Percentile par nombre de réponses
Votre historique - résultats
Vous n’avez pas pris ce quiz